000 00786nam a22002057a 4500
999 _c145338
_d145338
005 20230628104959.0
010 _a1718EN-30 ENG-121778 B-682179-196 ENG-137189
020 _a9789382711957
_c245.00
035 _aEN-105310
035 _aB-682179-196 EN-120721
037 _bPragati
_adpl
082 _aS
245 _aReliving Sujatha :
_ctranslated by Vimala Balakrishnan
_bhis best stories in english /
260 _aNew Delhi
_bVitastaa Pub.
_c2017
270 _a2/15, Ansari Road, Daryaganj,
_bNew Delhi
_e110002
300 _a242p.
_c19cm(pbk)
700 _aBalakrishnan, Vimala
942 _2ddc
_cEN
_mREL
_hS
_kREL